Differential Calculus (Record no. 7974)

MARC details
000 -LEADER
fixed length control field 00308nam a2200133Ia 4500
008 - FIXED-LENGTH DATA ELEMENTS--GENERAL INFORMATION
fixed length control field 191201s2014 xx 000 0 und d
082 ## - DEWEY DECIMAL CLASSIFICATION NUMBER
Classification number 510
Item number NAD
100 ## - MAIN ENTRY--PERSONAL NAME
Personal name NARAYAN,Shanti
245 #0 - TITLE STATEMENT
Title Differential Calculus
250 ## - EDITION STATEMENT
Edition statement Rep
260 ## - PUBLICATION, DISTRIBUTION, ETC. (IMPRINT)
Date of publication, distribution, etc 2014
Name of publisher, distributor, etc S.Chand&Co
Place of publication, distribution, etc NEW DELHI
300 ## - PHYSICAL DESCRIPTION
Extent 572
942 ## - ADDED ENTRY ELEMENTS (KOHA)
Source of classification or shelving scheme Dewey Decimal Classification
Koha item type Text Books
Holdings
Withdrawn status Lost status Source of classification or shelving scheme Damaged status Not for loan Collection code Home library Current library Date acquired Source of acquisition Cost, normal purchase price Bill Number Total Checkouts Full call number Acc. no. / Barcode Date last seen Date last borrowed Actual Cost, discounted price Bill Date Koha item type
    Dewey Decimal Classification     BCA PIET C-LIBRARY PIET C-LIBRARY 28/03/2017 Kirti Prakashan 425.00 IN5627 1 510 NAD BC1226 19/02/2026 06/02/2026 306.00 28/03/2017 Text Books
    Dewey Decimal Classification     BCA PIET C-LIBRARY PIET C-LIBRARY 28/03/2017 Kirti Prakashan 425.00 IN5627   510 NAD BC1227 04/12/2019   306.00 28/03/2017 Text Books
    Dewey Decimal Classification     BCA PIET C-LIBRARY PIET C-LIBRARY 28/03/2017 Kirti Prakashan 425.00 IN5627 1 510 NAD BC1228 19/02/2026 06/02/2026 306.00 28/03/2017 Text Books
    Dewey Decimal Classification     BCA PIET C-LIBRARY PIET C-LIBRARY 28/03/2017 Kirti Prakashan 425.00 IN5627 1 510 NAD BC1229 20/02/2026 06/02/2026 306.00 28/03/2017 Text Books

Design & Developed by: PIET Central Library
R70 Miles Stone Pattikalyana Samalkha Panipat 132102
mail ID :- [email protected], Phone No:- 0180-2569700 Ex.216